Έγγεια ιδιοκτησία και φορολογική απαίτηση στη Σαντορίνη τον 17ο αιώνα

Αποθηκεύτηκε σε:
Λεπτομέρειες βιβλιογραφικής εγγραφής
Κύριος συγγραφέας: Μπαλτά, Ευαγγελία, 1955-
Άλλοι συγγραφείς: Σπηλιωτοπούλου, Μαρία Ε. 1960-
Μορφή: Βιβλίο
Γλώσσα:Greek
Δημοσίευση: Αθήνα : [χ.ό.], 1996.
Θέματα:
Ετικέτες: Προσθήκη ετικέτας
Δεν υπάρχουν, Καταχωρήστε ετικέτα πρώτοι!

MARC

LEADER 00000cam a2200000 a 4500
001 1/121366
008 200515s1996####gr |||||||||||||| ||gre||
040 |a GR-MyUa  |b gre  |c GR-MyUa  |e AACR2 
041 0 |a gre 
082 7 |a 306.309495  |2 (23) 
100 1 |a Μπαλτά, Ευαγγελία,   |d 1955- 
245 1 0 |a Έγγεια ιδιοκτησία και φορολογική απαίτηση στη Σαντορίνη τον 17ο αιώνα   |h [ανάτυπο] /   |c Ευαγγελία Μπαλτά, Μαρία Σπηλιωτοπούλου.  
260 |a Αθήνα :   |b [χ.ό.],   |c 1996.  
300 |a 109-142 σ. ;   |c 24 εκ.  
500 |a Ανάτυπο από τον 18ο τόμο του περιοδικού "Μνήμων", 1996.  
504 |a Περιλαμβάνει βιβλιογραφικές παραπομπές.  
650 0 |a Taxation   |y 17th century  |z Greece   |z Santorini Island. 
650 0 |a Property   |y 17th century   |z Greece  |z Santorini Island. 
700 1 |a Σπηλιωτοπούλου, Μαρία Ε.  |d 1960- 
852 |a INST  |b LESVOS  |e 20200515  |h 306.309495 ΜΠΑ  |p 005100062444  |q 005100062444  |t BK  |y 0 
920 |a Περιοδικό Μνήμων   |y Λέσβος  |z 1996-06 
970 |a Καμάτσου  |b Δέσποινα  |z 15-05-2020